000 00268nam a2200109Ia 4500
001 588789
005 20250717120837.0
008 250717s9999 xx 000 0 und d
245 0 _aV-13 HAMDİ BEY
_cİSMAİL BİLGİN
260 _bTİMAŞ YAYINLARI
_c2018
300 _b93
999 _c588789
_d588789